Movies Quiz

Random Movies or Clickable Quiz
Score 0/21 Timer 03:00
1 Play Today
% Correct
Finding Gump
98.4%
Toy Gun
98.1%
Edward Wood
98%
Schindler's Horse
97.2%
Mary Harry
97.2%
Despicable Dolly!
97%
Fight Room
96.3%
Fatal Driver
95.7%
127 Monkeys
94.5%
Gran Daddy
94%
Rear Expectations
92.9%
% Correct
Hotel Strawberries
92.4%
Princess Kane
92.2%
Raging Boot
91.9%
Sunset Runner
91.6%
Black People
91.6%
Duck Crackers
87.6%
Winter's Mountain
84.8%
City Girl
84.2%
Auntie Miniver
82.6%
Roman Serenade
81.2%
Remove Ads.
Support Sporcle.
Get the best of Sporcle when you Go Orange. This ad-free experience offers more features, more stats, and more fun while also helping to support Sporcle. Thank you for becoming a member.

You're not logged in!

Compare scores with friends on all Sporcle quizzes.
OR
Log In

Show Comments

Extras

Top Quizzes Today


Score Distribution

Your Account Isn't Verified!

In order to create a playlist on Sporcle, you need to verify the email address you used during registration. Go to your Sporcle Settings to finish the process.

Report this User

Report this user for behavior that violates our Community Guidelines.

Details: